| 000 | 00957nam a2200325Ia 4500 | ||
|---|---|---|---|
| 008 | 160803s9999 xx 000 0 und d | ||
| 020 | _a0439559634 (pbk.) | ||
| 100 | _aStilton, Geronimo | ||
| 245 | _aLost treasure of the emerald eye / | ||
| 245 | _cGeronimo Stilton ; illustrations by Matt Wolf, Mark Nithael, and Kat Stevens ; English translation by Edizioni Piemme S.p.a. | ||
| 260 | _aNew York : | ||
| 260 | _bScholastic Inc. | ||
| 260 | _c2000 | ||
| 300 | _a116 pages : | ||
| 300 | _bcolor illustrations, maps ; | ||
| 300 | _c20 cm. | ||
| 440 | _aGeronimo Stilton ; | ||
| 440 | _v#1 | ||
| 650 | _aAdventure and adventurers -- | ||
| 650 | _aBuried treasure -- | ||
| 650 | _aJournalists -- | ||
| 650 | _aMice -- | ||
| 650 | _aStilton, Geronimo (Fictitious character) -- | ||
| 650 | _xFiction. | ||
| 650 | _xFiction. | ||
| 650 | _xFiction. | ||
| 650 | _xFiction. | ||
| 650 | _xJuvenile fiction. | ||
| 700 | _a530 | ||
| 999 |
_c299663 _d299663 |
||